Plus grandes villes sur le Doubs - Statistiques

Statistiques générales
  • Ce quiz a été pris 49 fois
  • Le résultat moyen est 5 sur 15
Statistiques - réponses
Population Ville % Correct
119 198 Besançon
100%
17 849 Pontarlier
78%
23 775 Dole
53%
13 944 Audincourt
49%
6 867 Morteau
45%
10 765 Valentigney
41%
4 991 Baume-les-Dames
33%
4 986 Saint-Vit
29%
3 585 Bavans
18%
2 830 L'Isle-sur-le-Doubs
16%
4 030 Pont-de-Roide-Vermondans
16%
5 228 Villers-le-Lac
16%
4 731 Mandeure
14%
3 130 Voujeaucourt
14%
3 000 Thise
8%
Aucun quiz correspondant
Distribution des résultats
% des personnes avec chaque résultat
Percentile par nombre de réponses
Votre historique - résultats
Vous n’avez pas pris ce quiz